000 00867nam a22002657a 4500
001 2085
005 20250808145215.0
020 _a9780142411773
040 _aFISKH
_beng
_cFISKH
_dFISKH
050 _aPZ7.S41267
082 _a206
100 _aScieszka, Jon
245 _aMarco? Polo! /
_cThe Time Warp Trio No.16 Jon Scienszka
260 _aNew York :
_bPuffin Groups,
_c2006
300 _a90 pages :
_c20 cm
490 _3The time warp trio
_v16
505 _aK
520 _aThe Time Warp Trio find themselves in a desert in China, and in order to retrieve their magical book from the court of Kublai Khan, they must pose as astrologers and join the caravan of Marco Polo and his father.
521 _a550
_blexile
521 _aK
_bRaz-Plus
650 _aAdventure
650 _aFriends
700 _aMcCauley, Adam
_eillustrator
942 _2ddc
_cBK
_n0
999 _c2085
_d2085